000 00731nam a2200229Ia 4500
003 OSt
005 20220923211701.0
006 a|||||r|||| 00| 0
007 ta
008 220922b |||||||| |||| 00| 0 pan d
024 _a42,922
037 _cTextual
040 _aARTS
_cARTS
_bpan
041 _2pan
_apan
082 _aO153,2M92:g, K9
100 _aਸਿੰਘ, ਗੁਰਚਰਨ, ਂਚ.
245 0 _aਨਾਟਕਕਾਰ ਈFਵਰ ਚੰਦਰ ਨੰਦਾ
260 _aਜਲੰਧਰ
_b ਨਿਊ ਬੁਕ ਕੰਪਤੀ
_c1969
650 _aਪੰਜਾਬੀ ਸਾਹਿਤ
942 _hO153,2M92:g, K9
_cTEXL
_2CC
999 _c302573
_d302573